| 000 | 00516nam a2200193 a 4500 | ||
|---|---|---|---|
| 001 | 1771588832188 | ||
| 003 | YourLibrary | ||
| 005 | 20260220173229.0 | ||
| 008 | 260220s1999##################000#0#eng## | ||
| 020 | _a9780521659703 | ||
| 082 | 0 | 4 |
_a320.15 _bBAR |
| 100 | 1 |
_aBartkus, Viva Ona, _eauthor. |
|
| 245 | 1 | 0 | _aThe Dynamic of Secession : |
| 260 |
_bCambridge University Press, _c1999. |
||
| 300 | _a284 pages | ||
| 650 | 0 | _aPolitical Science. | |
| 942 | _cENGLISH | ||
| 040 |
_aYourLibrary _beng _cYourLibrary |
||
| 999 |
_c614623 _d614623 |
||